Movies Quiz

Random Movies or Disney Quiz
Score 0/15 Timer 04:00
12 Plays Today
% Correct
Aladdin
98.1%
Frozen
97.9%
Snow White and the Seven Dwarfs
95.7%
The Lion King
95.6%
The Jungle Book
95%
Mulan
94.3%
Alice in Wonderland
92.1%
Pocahontas
84.1%
% Correct
Robin Hood
82%
Zootopia
79.8%
The Emperor's New Groove
76.5%
The Hunchback of Notre Dame
75.4%
Wreck-It Ralph
75.3%
The Black Cauldron
51.8%
Beauty and the Beast
41.9%

You're not logged in!

Compare scores with friends on all Sporcle quizzes.
OR
Log In

Sporcle TV

Today on Sporcle TV


Watch our educational content, quiz creation guides, and fun videos on Sporcle TV.

Show Comments

Extras

Top Quizzes Today


Score Distribution

Paid Content

Your Account Isn't Verified!

In order to create a playlist on Sporcle, you need to verify the email address you used during registration. Go to your Sporcle Settings to finish the process.

Report this User

Report this user for behavior that violates our Community Guidelines.

Details: